25 Largest Cities in Texas - Statistics

General Stats
  • This quiz has been taken 77 times
    52 since last reset
  • The average score is 18 of 25
Answer Stats
Population City % Correct
1,300,239 Dallas
100%
2,293,288 Houston
100%
944,658 Austin
98%
676,395 El Paso
98%
1,434,540 San Antonio
98%
908,469 Fort Worth
95%
318,168 Corpus Christi
90%
185,849 Brownsville
88%
255,537 Lubbock
85%
200,371 Amarillo
83%
136,800 Waco
80%
392,304 Arlington
78%
254,697 Laredo
78%
141,941 McAllen
73%
282,181 Plano
70%
193,140 Frisco
63%
245,075 Garland
55%
150,082 Killeen
55%
254,184 Irving
53%
189,394 McKinney
48%
149,848 Mesquite
48%
139,704 Denton
45%
151,964 Pasadena
45%
195,992 Grand Prairie
43%
131,388 Carrolton
18%
No matching quizzes found
Score Distribution
Percent of People with Each Score
Percentile by Number Answered
Your Score History
You have not taken this quiz since the last reset